Diccionario de psicoanálisis
Պահպանված է:
| Հիմնական հեղինակներ: | , |
|---|---|
| Ձևաչափ: | Գիրք |
| Լեզու: | իսպաներեն |
| Հրապարակվել է: |
Buenos Aires
Paidós
1996
|
| Խորագրեր: | |
| Ցուցիչներ: |
Ավելացրեք ցուցիչ
Չկան պիտակներ, Եղեք առաջինը, ով նշում է այս գրառումը!
|
MARC
| LEADER | 00000cam a2200000 a 4500 | ||
|---|---|---|---|
| 001 | UCN0759 | ||
| 003 | CL-VaPUC | ||
| 008 | 010330e19960000AG |||||||||||||||||spa|d | ||
| 020 | |a 9789501273212 | ||
| 082 | 0 | 4 | |a 616.8917 |b LAP |2 21 |
| 100 | |a Laplanche, Jean |e author |9 595784 | ||
| 700 | 0 | |a Pontalis, Jean-Bertrand |e author |9 455972 | |
| 245 | 1 | 0 | |a Diccionario de psicoanálisis |
| 300 | |a 535 p | ||
| 942 | |c BK | ||
| 945 | |d 20010330 00:00:00 |a vberengu | ||
| 260 | |a Buenos Aires |b Paidós |c 1996 | ||
| 650 | 0 | |a Psicoanálisis |9 265702 | |
| 650 | 0 | |a Diccionarios |9 256200 | |
| 650 | 0 | |a Glosarios |9 261047 | |
| 650 | 7 | |a CIENCIAS DEL COMPORTAMIENTO |2 CL-VaPUC |9 455973 | |
| 650 | 0 | |a Ciencias de la vida |9 314137 | |
| 650 | 0 | |a Psicología clínica |9 307259 | |
| 583 | |a last modification |c 20190123 12:28:11 |k Rodrigo Vera | ||
| 999 | |c 294387 |d 294385 | ||
| 952 | |0 0 |1 0 |4 0 |6 616_891700000000000_LAP_1996 |7 0 |8 F |9 346683 |a BIBART |b BIBART |d 2019-11-20 |i 3707008 |o 616.8917 LAP 1996 |p 3707008 |r 2025-03-13 |w 2019-11-20 |y BK_F |k ART | ||
| 952 | |0 0 |1 0 |4 0 |6 616_891700000000000_LAP_1996 |7 0 |8 X |9 346684 |a BIBEDU |b BIBEDU |d 2019-11-20 |i 3835162 |l 1 |o 616.8917 LAP 1996 |p 3835162 |r 2023-01-13 |s 2022-04-12 |w 2019-11-20 |y BK_X |k PSI | ||
| 952 | |0 0 |1 0 |4 0 |6 616_891700000000000_LAP_1996 |7 0 |8 X |9 346685 |a BIBEDU |b BIBEDU |d 2019-11-20 |i 4900898 |l 4 |o 616.8917 LAP 1996 |p 4900898 |r 2023-01-13 |s 2022-04-12 |w 2019-11-20 |y BK_X |k PSI | ||
| 952 | |0 0 |1 0 |3 erb |4 0 |6 616_891700000000000_LAP_1996 |7 0 |8 C |9 346686 |a BIBCUR |b BIBCUR |i 5531624 |o 616.8917 LAP 1996 |p 5531624 |r 2025-04-22 |w 2019-11-20 |y BK |z Catalogado en:20190125 |k CAC | ||